000 00648nam a2200205Ia 4500
005 20260121110014.0
008 008 260114s9999 xx 000 0 hin d
020 _a9788132362463
037 _aEBOOK
040 _aCRL
_bhin
_cCRL
041 _ahin
_2hin
084 _qCRL
100 _aललित माथुर / Lalit Mathur
_9940883
245 0 _aडी.एन.ए. का जैव भौतिकी / DNA ka jaiv bhoutiki
260 _bभाषा प्रकाशन / Bhasha Prakashan
_c2022
856 _uhttps://bhashaprakashan.com/product-details/379717
942 _cEBOOK
999 _c1532548
_d1532548